000 00749na a2200253 4500
001 19422
003 MIRAKIL
005 20181213155101.0
008 170116b tu 000 0
040 _aMilas
_btur
_cTR-AnCHP
041 _atur
082 _a374
_bK21y 2002
090 _a374 K21y 2002
100 _aKabahasanoğlu, Bahaettin
245 _aYetişmeyen yetişkinler
_b(inceleme-araştırma)
_cBahaettin Kabahasanoğlu
246 _a(inceleme-araştırma)
260 _aİstanbul
_c2002
_fÜstün Eserler Basımevi
300 _a374 s.
_c24 sm.
500 _aYapıt yazarından imzalıdır.
500 _aKaynakça var.
650 _aEğitim ve öğretim
_zTürkiye
650 _aYetişkin eğitimi
_zTürkiye
942 _2ddc
_cBKS
999 _c6253
_d6253